|
|
|
|
| LEADER |
02506nam a2200349 a 4500 |
| 001 |
GR-Patra10767 |
| 008 |
991022s1997 gr 000 0 gre d |
| 020 |
|
|
|a 9603900133
|
| 040 |
|
|
|a GrPaTEI
|b gre
|c GR-PaULI
|
| 100 |
1 |
|
|a Χαρίσης, Κώστας Ι.
|
| 245 |
1 |
0 |
|a Θεωρία δειγματοληψίας & εφαρμογές.
|
| 260 |
|
|
|a Αθήνα :
|b Interbooks,
|c 1997
|
| 300 |
|
|
|a 318σ. :
|b πιν.
|
| 500 |
|
|
|a Τμήμα Επιχειρηματικού Σχεδιασμού και Πληροφοριακών Συστημάτων: 25715-25721
|
| 504 |
|
|
|a Βιβλιογραφία: σ.317-318
|
| 610 |
2 |
4 |
|a Τμήμα Επιχειρηματικού Σχεδιασμού και Πληροφοριακών Συστημάτων
|
| 650 |
|
4 |
|a ΔΕΙΓΜΑΤΟΛΗΨΙΑ
|
| 650 |
|
4 |
|a ΔΕΙΓΜΑΤΟΛΗΨΙΑ (ΣΤΑΤΙΣΤΙΚΗ)
|
| 650 |
|
4 |
|a ΕΡΕΥΝΑ
|
| 650 |
|
4 |
|a Στατιστική
|
| 700 |
1 |
|
|a Κιόχος, Πέτρος
|
| 710 |
0 |
|
|a Interbooks
|
| 942 |
|
|
|2 ddc
|
| 952 |
|
|
|0 0
|1 0
|2 ddc
|4 0
|6 519_520000000000000_ΧΑΡ
|7 0
|9 291424
|a LISK
|b LISK
|c BSC
|d 2021-01-17
|e 24
|f 0
|g 0.00
|l 0
|o 519.52 ΧΑΡ
|p 92410013737
|r 2021-01-17 00:00:00
|t 1
|w 2021-01-17
|y BK15
|x 19991024 0 1
|x GrPaTEI
|
| 952 |
|
|
|0 0
|1 0
|2 ddc
|4 0
|6 519_520000000000000_ΧΑΡ
|7 0
|9 291425
|a LISK
|b LISK
|c BSC
|d 2021-01-17
|e 24
|f 0
|g 0.00
|l 0
|o 519.52 ΧΑΡ
|p 92410025718
|r 2021-01-17 00:00:00
|t 1
|w 2021-01-17
|y BK15
|x 20040804 0 1
|x GrPaTEI
|
| 952 |
|
|
|0 0
|1 0
|2 ddc
|4 0
|6 519_520000000000000_ΧΑΡ
|7 0
|9 291426
|a LISK
|b LISK
|c BSC
|d 2021-01-17
|e 24
|f 1
|g 0.00
|l 0
|o 519.52 ΧΑΡ
|p 92410025721
|r 2021-01-17 00:00:00
|t 1
|w 2021-01-17
|y BK15
|x 20040804 0 1
|x GrPaTEI
|
| 952 |
|
|
|0 0
|1 0
|2 ddc
|4 0
|6 519_520000000000000_ΧΑΡ
|7 1
|9 291427
|a LISK
|b LISK
|c BSC
|d 2021-01-17
|e 24
|f 0
|g 0.00
|l 0
|o 519.52 ΧΑΡ
|p 92410025717
|r 2021-01-17 00:00:00
|t 1
|w 2021-01-17
|y BKN
|x 20040804 0 0
|x GrPaTEI
|
| 952 |
|
|
|0 0
|1 0
|2 ddc
|4 0
|6 519_520000000000000_ΧΑΡ
|7 0
|9 291428
|a LISK
|b LISK
|c ALF
|d 2021-01-17
|e 24
|f 0
|g 0.00
|l 0
|o 519.52 ΧΑΡ
|p 92410025715
|r 2021-01-17 00:00:00
|t 1
|w 2021-01-17
|y BK15
|x 20040804 0 1
|x GrPaTEI
|
| 952 |
|
|
|0 0
|1 0
|2 ddc
|4 0
|6 519_520000000000000_ΧΑΡ
|7 0
|9 291429
|a LISK
|b LISK
|c ALF
|d 2021-01-17
|e 24
|f 0
|g 0.00
|l 0
|o 519.52 ΧΑΡ
|p 92410025716
|r 2021-01-17 00:00:00
|t 1
|w 2021-01-17
|y BK15
|x 20040804 0 1
|x GrPaTEI
|
| 952 |
|
|
|0 0
|1 0
|2 ddc
|4 0
|6 519_520000000000000_ΧΑΡ
|7 0
|9 291431
|a LISK
|b LISK
|c ALF
|d 2021-01-17
|e 24
|f 0
|g 0.00
|l 0
|o 519.52 ΧΑΡ
|p 92410025720
|r 2021-01-17 00:00:00
|t 1
|w 2021-01-17
|y BK15
|x 20040804 0 1
|x GrPaTEI
|
| 971 |
|
|
|a .b2658282x
|b 16-04-20
|c 23-09-16
|
| 999 |
|
|
|c 170162
|d 170162
|